Normal view
MARC view
Entry Topical Term
001 - CONTROL NUMBER
- control field: 77374
003 - CONTROL NUMBER IDENTIFIER
- control field: OSt
005 - DATE AND TIME OF LATEST TRANSACTION
- control field: 20191129164359.0
008 - FIXED-LENGTH DATA ELEMENTS
- fixed length control field: 191129|| aca||aabn | a|a d
040 ## - CATALOGING SOURCE
- Original cataloging agency: OSt
- Transcribing agency: OSt
150 ## - HEADING--TOPICAL TERM
- Topical term or geographic name entry element: Biography
670 ## - SOURCE DATA FOUND
- Source citation: Work cat.: (OSt): Jayanthy , S. 77373, The Life & Philosophy of Srisankara, 2017









